[Event "Women's World Team Chess Championship"]
[Site "Khanty-Mansiysk, RUS."]
[Date "2017.06.26"]
[Round "9.6"]
[White "Wafa Shrook (EGY)"]
[Black "Tan Zhongyi (CHN)"]
[Result "0-1"]
[BlackElo "2517"]
[WhiteElo "2141"]
[LiveChessVersion "1.4.8"]

1. e4 {[%clk 1:30:57]} d6 {[%clk 1:30:39]} 2. d4 {[%clk 1:31:16]} g6
{[%clk 1:31:04]} 3. Nc3 {[%clk 1:31:16]} Bg7 {[%clk 1:31:28]} 4. Be3
{[%clk 1:30:22]} a6 {[%clk 1:29:38]} 5. Be2 {[%clk 1:25:09]} Nd7 {[%clk 1:28:45]}
6. Bf3 {[%clk 1:23:42]} Ngf6 {[%clk 1:20:24]} 7. Nge2 {[%clk 1:23:21]} e5
{[%clk 1:20:31]} 8. O-O {[%clk 1:21:56]} O-O {[%clk 1:19:32]} 9. Qd2
{[%clk 1:17:58]} exd4 {[%clk 1:14:32]} 10. Nxd4 {[%clk 1:18:05]} c5
{[%clk 1:13:54]} 11. Nb3 {[%clk 1:16:29]} Ne5 {[%clk 1:14:19]} 12. Be2
{[%clk 1:16:18]} b5 {[%clk 1:12:02]} 13. f4 {[%clk 1:11:16]} Nc4 {[%clk 1:07:35]}
14. Bxc4 {[%clk 1:06:20]} bxc4 {[%clk 1:07:56]} 15. Nc1 {[%clk 1:06:40]} Bb7
{[%clk 1:07:07]} 16. e5 {[%clk 1:05:58]} Ng4 {[%clk 1:07:31]} 17. N1e2
{[%clk 1:04:59]} Qh4 {[%clk 0:48:39]} 18. h3 {[%clk 1:03:39]} Nxe3
{[%clk 0:49:03]} 19. Qxe3 {[%clk 1:03:47]} dxe5 {[%clk 0:49:23]} 20. Qxc5
{[%clk 1:01:53]} Rad8 {[%clk 0:47:15]} 21. Qc7 {[%clk 0:54:24]} Ba8
{[%clk 0:45:37]} 22. Rad1 {[%clk 0:49:55]} Rxd1 {[%clk 0:37:41]} 23. Rxd1
{[%clk 0:45:47]} exf4 {[%clk 0:37:57]} 24. Qxf4 {[%clk 0:44:00]} Qxf4
{[%clk 0:34:29]} 25. Nxf4 {[%clk 0:44:25]} Rb8 {[%clk 0:34:40]} 26. Nfe2
{[%clk 0:42:05]} Be5 {[%clk 0:32:42]} 27. b3 {[%clk 0:40:05]} Kg7
{[%clk 0:32:58]} 28. Nd5 {[%clk 0:37:57]} cxb3 {[%clk 0:30:17]} 29. axb3
{[%clk 0:33:43]} Rb5 {[%clk 0:30:40]} 30. Ndf4 {[%clk 0:31:21]} Be4
{[%clk 0:25:19]} 31. Nd3 {[%clk 0:29:49]} Bf6 {[%clk 0:25:40]} 32. g4
{[%clk 0:25:16]} Ra5 {[%clk 0:22:13]} 33. Kf2 {[%clk 0:21:39]} Ra2
{[%clk 0:22:29]} 34. c4 {[%clk 0:18:34]} Bg5 {[%clk 0:15:57]} 35. Nc5
{[%clk 0:14:14]} Bh4+ {[%clk 0:15:36]} 36. Ke3 {[%clk 0:12:56]} Bg2
{[%clk 0:15:58]} 37. Nc3 {[%clk 0:10:21]} Rf2 {[%clk 0:08:01]} 38. N3e4
{[%clk 0:06:34]} Rf3+ {[%clk 0:08:12]} 39. Kd4 {[%clk 0:06:26]} Bxh3
{[%clk 0:04:15]} 40. g5 {[%clk 0:35:31]} Bf5 {[%clk 0:32:52]} 41. Ra1
{[%clk 0:33:23]} Bc8 {[%clk 0:18:43]} 42. b4 {[%clk 0:31:09]} h6 {[%clk 0:16:30]}
43. gxh6+ {[%clk 0:31:16]} Kxh6 {[%clk 0:16:25]} 44. Nxa6 {[%clk 0:30:20]} f5
{[%clk 0:15:34]} 45. Rh1 {[%clk 0:29:44]} Rf4 {[%clk 0:14:53]} 46. Nac5
{[%clk 0:29:23]} fxe4 {[%clk 0:15:09]} 47. Ke3 {[%clk 0:27:10]} g5
{[%clk 0:15:12]} 48. b5 {[%clk 0:27:05]} Kg6 {[%clk 0:15:23]} 49. Rh2
{[%clk 0:27:10]} Kf5 {[%clk 0:13:16]} 50. b6 {[%clk 0:27:03]} Rf3+
{[%clk 0:13:29]} 51. Ke2 {[%clk 0:26:43]} Ke5 {[%clk 0:12:39]} 52. b7
{[%clk 0:26:26]} Bxb7 {[%clk 0:13:02]} 53. Nxb7 {[%clk 0:26:49]} Rb3
{[%clk 0:13:27]} 0-1

[Event "Women's World Team Chess Championship"]
[Site "Khanty-Mansiysk, RUS."]
[Date "2017.06.26"]
[Round "9.7"]
[White "Lei Tingjie (CHN)"]
[Black "Elansary Eman (EGY)"]
[Result "1-0"]
[BlackElo "1887"]
[WhiteElo "2488"]
[LiveChessVersion "1.4.8"]

1. e4 {[%clk 1:30:41]} Nf6 {[%clk 1:30:46]} 2. e5 {[%clk 1:30:47]} Nd5
{[%clk 1:31:09]} 3. d4 {[%clk 1:31:10]} d6 {[%clk 1:31:27]} 4. c4
{[%clk 1:31:31]} Nb6 {[%clk 1:31:47]} 5. exd6 {[%clk 1:31:48]} cxd6
{[%clk 1:32:06]} 6. Nc3 {[%clk 1:32:05]} g6 {[%clk 1:32:24]} 7. Be3
{[%clk 1:32:12]} Bg7 {[%clk 1:32:48]} 8. Rc1 {[%clk 1:32:33]} Nc6
{[%clk 1:33:00]} 9. d5 {[%clk 1:30:00]} Ne5 {[%clk 1:32:41]} 10. b3
{[%clk 1:30:24]} O-O {[%clk 1:32:28]} 11. Be2 {[%clk 1:30:51]} Ned7
{[%clk 1:29:09]} 12. Nf3 {[%clk 1:30:56]} Nf6 {[%clk 1:29:26]} 13. O-O
{[%clk 1:30:25]} e5 {[%clk 1:25:24]} 14. dxe6 {[%clk 1:29:04]} fxe6
{[%clk 1:21:21]} 15. Nb5 {[%clk 1:23:25]} d5 {[%clk 1:20:25]} 16. Bc5
{[%clk 1:23:19]} Ne4 {[%clk 1:16:42]} 17. Bxf8 {[%clk 1:22:59]} Kxf8
{[%clk 1:15:22]} 18. cxd5 {[%clk 1:22:36]} a6 {[%clk 1:11:31]} 19. Nc7
{[%clk 1:22:20]} Nc3 {[%clk 1:10:36]} 20. Rxc3 {[%clk 1:22:41]} Bxc3
{[%clk 1:10:58]} 21. Nxa8 {[%clk 1:23:04]} Nxd5 {[%clk 1:10:36]} 22. Bc4
{[%clk 1:23:00]} b5 {[%clk 1:08:13]} 23. Bxd5 {[%clk 1:23:23]} exd5
{[%clk 1:08:40]} 24. Qc1 {[%clk 1:23:48]} b4 {[%clk 1:09:01]} 25. Qf4+
{[%clk 1:23:35]} Bf6 {[%clk 1:06:41]} 26. Nc7 {[%clk 1:23:35]} Kg7
{[%clk 1:04:04]} 27. Re1 {[%clk 1:23:37]} 1-0

[Event "Women's World Team Chess Championship"]
[Site "Khanty-Mansiysk, RUS."]
[Date "2017.06.26"]
[Round "9.8"]
[White "Ehab Tasneem (EGY)"]
[Black "Guo Qi (CHN)"]
[Result "0-1"]
[BlackElo "2417"]
[WhiteElo "1750"]
[LiveChessVersion "1.4.8"]

1. d4 {[%clk 1:30:58]} d5 {[%clk 1:30:52]} 2. Nf3 {[%clk 1:31:23]} Nf6
{[%clk 1:31:15]} 3. Bf4 {[%clk 1:31:49]} c5 {[%clk 1:31:34]} 4. e3
{[%clk 1:32:11]} Nc6 {[%clk 1:31:52]} 5. c3 {[%clk 1:32:13]} Qb6 {[%clk 1:31:57]}
6. Qc1 {[%clk 1:32:11]} Bf5 {[%clk 1:31:08]} 7. h3 {[%clk 1:32:10]} h6
{[%clk 1:31:15]} 8. Nbd2 {[%clk 1:32:25]} e6 {[%clk 1:31:33]} 9. a4
{[%clk 1:30:38]} Rc8 {[%clk 1:23:08]} 10. Bb5 {[%clk 1:23:34]} a6
{[%clk 1:21:45]} 11. Bxc6+ {[%clk 1:23:50]} bxc6 {[%clk 1:22:10]} 12. Ne5
{[%clk 1:20:10]} a5 {[%clk 1:17:55]} 13. O-O {[%clk 1:17:04]} Be7
{[%clk 1:17:41]} 14. Re1 {[%clk 1:14:04]} O-O {[%clk 1:17:43]} 15. Nf1
{[%clk 1:06:54]} Rfd8 {[%clk 1:11:24]} 16. Bh2 {[%clk 1:02:51]} Bh7
{[%clk 1:11:03]} 17. Ng3 {[%clk 0:59:58]} cxd4 {[%clk 1:10:44]} 18. exd4
{[%clk 0:57:10]} c5 {[%clk 1:11:01]} 19. Qe3 {[%clk 0:52:08]} cxd4
{[%clk 1:08:59]} 20. cxd4 {[%clk 0:52:08]} Rc2 {[%clk 1:08:45]} 21. Rac1
{[%clk 0:46:59]} Rdc8 {[%clk 1:03:58]} 22. Rxc2 {[%clk 0:42:18]} Bxc2
{[%clk 1:00:47]} 23. f4 {[%clk 0:17:17]} Ne4 {[%clk 0:58:14]} 24. Rc1
{[%clk 0:11:40]} Nxg3 {[%clk 0:56:02]} 25. Bxg3 {[%clk 0:11:42]} Qxb2
{[%clk 0:55:04]} 26. Bf2 {[%clk 0:05:23]} Ba3 {[%clk 0:54:43]} 27. Re1
{[%clk 0:05:24]} Be4 {[%clk 0:54:29]} 28. Qg3 {[%clk 0:03:46]} Bb4
{[%clk 0:54:33]} 29. Re3 {[%clk 0:03:37]} Bd2 {[%clk 0:54:19]} 30. Re2
{[%clk 0:02:39]} Qc1+ {[%clk 0:52:10]} 31. Be1 {[%clk 0:03:07]} Bxf4
{[%clk 0:51:10]} 32. Qb3 {[%clk 0:03:32]} Qa1 {[%clk 0:49:12]} 33. Qb7
{[%clk 0:02:24]} Qxd4+ {[%clk 0:49:17]} 34. Kf1 {[%clk 0:02:43]} Rf8
{[%clk 0:49:32]} 35. Nc6 {[%clk 0:01:51]} Qxa4 {[%clk 0:49:37]} 36. Ne7+
{[%clk 0:01:27]} Kh7 {[%clk 0:49:53]} 37. Kg1 {[%clk 0:00:43]} Bd3
{[%clk 0:49:43]} 38. Rb2 {[%clk 0:00:49]} Qd1 {[%clk 0:49:50]} 39. Kf2
{[%clk 0:00:37]} Be5 {[%clk 0:50:09]} 0-1

[Event "Women's World Team Chess Championship"]
[Site "Khanty-Mansiysk, RUS."]
[Date "2017.06.26"]
[Round "9.10"]
[White "Zawadzka Jolanta (POL)"]
[Black "Vo Thi Kim Phung (VIE)"]
[Result "1/2-1/2"]
[BlackElo "2378"]
[WhiteElo "2426"]
[LiveChessVersion "1.4.8"]

1. e4 {[%clk 1:30:55]} e6 {[%clk 1:30:53]} 2. d4 {[%clk 1:31:18]} d5
{[%clk 1:31:16]} 3. Nc3 {[%clk 1:31:40]} Nf6 {[%clk 1:31:40]} 4. e5
{[%clk 1:32:05]} Nfd7 {[%clk 1:32:05]} 5. f4 {[%clk 1:32:31]} c5 {[%clk 1:32:23]}
6. Nf3 {[%clk 1:32:50]} Nc6 {[%clk 1:32:47]} 7. Be3 {[%clk 1:33:15]} Be7
{[%clk 1:32:57]} 8. Qd2 {[%clk 1:32:47]} b6 {[%clk 1:33:06]} 9. h4
{[%clk 1:31:08]} cxd4 {[%clk 1:29:16]} 10. Nxd4 {[%clk 1:31:18]} Nxd4
{[%clk 1:28:44]} 11. Bxd4 {[%clk 1:31:16]} a6 {[%clk 1:27:01]} 12. h5
{[%clk 1:27:17]} b5 {[%clk 1:24:00]} 13. O-O-O {[%clk 1:20:28]} b4
{[%clk 1:20:37]} 14. Ne2 {[%clk 1:19:17]} a5 {[%clk 1:19:24]} 15. Kb1
{[%clk 1:13:30]} O-O {[%clk 1:15:50]} 16. g4 {[%clk 1:04:55]} a4 {[%clk 1:11:53]}
17. g5 {[%clk 0:48:26]} b3 {[%clk 0:54:15]} 18. Bh3 {[%clk 0:46:09]} Nc5
{[%clk 0:49:53]} 19. Ng3 {[%clk 0:39:16]} Qa5 {[%clk 0:48:18]} 20. Qxa5
{[%clk 0:30:50]} bxc2+ {[%clk 0:44:38]} 21. Kxc2 {[%clk 0:31:16]} Rxa5
{[%clk 0:44:59]} 22. Kd2 {[%clk 0:30:58]} Rb5 {[%clk 0:37:18]} 23. Rc1
{[%clk 0:29:31]} Nd7 {[%clk 0:31:49]} 24. g6 {[%clk 0:23:29]} Bc5
{[%clk 0:27:16]} 25. gxf7+ {[%clk 0:22:13]} Kxf7 {[%clk 0:27:35]} 26. Bf1
{[%clk 0:22:11]} Ra5 {[%clk 0:27:20]} 27. Ke3 {[%clk 0:19:49]} Bxd4+
{[%clk 0:22:47]} 28. Kxd4 {[%clk 0:20:13]} Ke7 {[%clk 0:23:08]} 29. f5
{[%clk 0:19:51]} exf5 {[%clk 0:22:19]} 30. Bd3 {[%clk 0:20:02]} Nb8
{[%clk 0:18:12]} 31. Rc7+ {[%clk 0:17:27]} Bd7 {[%clk 0:18:30]} 32. Bxf5
{[%clk 0:11:55]} Nc6+ {[%clk 0:16:55]} 33. Rxc6 {[%clk 0:09:11]} Bxc6
{[%clk 0:17:06]} 34. Rc1 {[%clk 0:09:40]} Ra6 {[%clk 0:15:05]} 35. Bd3
{[%clk 0:09:43]} Rb6 {[%clk 0:15:25]} 36. Nf5+ {[%clk 0:10:05]} Kd7
{[%clk 0:10:16]} 37. Kc5 {[%clk 0:07:23]} Rxb2 {[%clk 0:08:09]} 38. e6+
{[%clk 0:07:15]} Kc7 {[%clk 0:07:38]} 39. Rg1 {[%clk 0:07:00]} g6
{[%clk 0:07:10]} 40. hxg6 {[%clk 0:37:09]} hxg6 {[%clk 0:37:38]} 41. Rxg6
{[%clk 0:37:05]} Be8 {[%clk 0:32:08]} 42. Rg7+ {[%clk 0:35:07]} Kb8
{[%clk 0:32:24]} 43. Nd6 {[%clk 0:22:23]} Rxa2 {[%clk 0:28:54]} 44. Rb7+
{[%clk 0:19:33]} Ka8 {[%clk 0:29:22]} 45. Re7 {[%clk 0:19:58]} Rd2
{[%clk 0:25:27]} 46. Nxe8 {[%clk 0:03:06]} Rxd3 {[%clk 0:25:37]} 47. Nc7+
{[%clk 0:03:29]} Kb7 {[%clk 0:24:36]} 48. Nxd5+ {[%clk 0:03:44]} Kb8
{[%clk 0:24:43]} 49. Nb4 {[%clk 0:03:42]} Rc3+ {[%clk 0:20:51]} 50. Kb6
{[%clk 0:03:28]} Rb3 {[%clk 0:16:34]} 51. Rb7+ {[%clk 0:03:53]} Ka8
{[%clk 0:15:23]} 52. Ra7+ {[%clk 0:02:00]} Kb8 {[%clk 0:15:51]} 53. Rb7+
{[%clk 0:02:25]} Ka8 {[%clk 0:16:11]} 54. Ra7+ {[%clk 0:02:25]} 1/2-1/2

[Event "Women's World Team Chess Championship"]
[Site "Khanty-Mansiysk, RUS."]
[Date "2017.06.26"]
[Round "9.12"]
[White "Majdan Joanna (POL)"]
[Black "Luong Phuong Hanh (VIE)"]
[Result "1-0"]
[BlackElo "2208"]
[WhiteElo "2366"]
[LiveChessVersion "1.4.8"]

1. e4 {[%clk 1:30:57]} c5 {[%clk 1:30:56]} 2. Nf3 {[%clk 1:31:22]} e6
{[%clk 1:31:22]} 3. d4 {[%clk 1:31:45]} cxd4 {[%clk 1:31:48]} 4. Nxd4
{[%clk 1:32:10]} a6 {[%clk 1:32:12]} 5. Nc3 {[%clk 1:32:26]} Qc7 {[%clk 1:32:37]}
6. Be2 {[%clk 1:32:34]} Nf6 {[%clk 1:32:47]} 7. O-O {[%clk 1:32:30]} b5
{[%clk 1:31:32]} 8. Bf3 {[%clk 1:31:33]} Nc6 {[%clk 1:26:31]} 9. e5
{[%clk 1:30:32]} Ng8 {[%clk 1:26:50]} 10. Nxc6 {[%clk 1:22:16]} dxc6
{[%clk 1:27:14]} 11. Ne4 {[%clk 1:22:30]} Bb7 {[%clk 1:21:49]} 12. Nd6+
{[%clk 1:22:31]} Bxd6 {[%clk 1:22:10]} 13. exd6 {[%clk 1:22:59]} Qd7
{[%clk 1:22:24]} 14. Qd4 {[%clk 1:16:03]} Nf6 {[%clk 1:19:56]} 15. Bg5
{[%clk 1:12:39]} c5 {[%clk 1:19:29]} 16. Qe5 {[%clk 1:10:19]} Bxf3
{[%clk 1:18:44]} 17. gxf3 {[%clk 0:59:15]} Qc6 {[%clk 1:10:54]} 18. Bxf6
{[%clk 0:59:00]} gxf6 {[%clk 1:11:14]} 19. Qxf6 {[%clk 0:58:55]} Rg8+
{[%clk 1:11:38]} 20. Kh1 {[%clk 0:59:22]} Qxd6 {[%clk 1:10:05]} 21. Rg1
{[%clk 0:59:46]} Rg6 {[%clk 1:04:24]} 22. Qh8+ {[%clk 0:53:36]} Qf8
{[%clk 1:04:46]} 23. Qxh7 Rh6 {[%clk 0:57:55]} 24. Qe4 {[%clk 0:53:17]} Ke7
{[%clk 0:53:05]} 25. Qe5 {[%clk 0:50:14]} Qc8 {[%clk 0:46:50]} 26. Qg5+
{[%clk 0:44:56]} Rf6 {[%clk 0:47:14]} 27. Rg4 {[%clk 0:44:57]} Qc7
{[%clk 0:45:24]} 28. Rh4 {[%clk 0:45:02]} Rd8 {[%clk 0:33:27]} 29. Re1
{[%clk 0:39:33]} Qd6 {[%clk 0:29:47]} 30. Rh6 {[%clk 0:36:33]} Qd4
{[%clk 0:28:32]} 31. Rxf6 {[%clk 0:30:04]} Qxf6 {[%clk 0:29:00]} 32. Qxc5+
{[%clk 0:30:21]} Rd6 {[%clk 0:29:26]} 33. Re3 {[%clk 0:29:19]} Qd4
{[%clk 0:28:34]} 34. Qxd4 {[%clk 0:28:06]} Rxd4 {[%clk 0:29:03]} 35. Rd3
{[%clk 0:28:05]} Rc4 {[%clk 0:28:18]} 36. c3 {[%clk 0:27:00]} e5 {[%clk 0:28:33]}
37. Kg2 {[%clk 0:26:57]} Ke6 {[%clk 0:28:34]} 38. Kg3 {[%clk 0:27:04]} Rc6
{[%clk 0:20:25]} 39. h4 {[%clk 0:20:46]} Kf5 {[%clk 0:20:37]} 40. h5
{[%clk 0:45:02]} Rh6 {[%clk 0:49:25]} 41. Rd7 {[%clk 0:44:54]} Ke6
{[%clk 0:40:32]} 42. Ra7 {[%clk 0:44:55]} Rxh5 {[%clk 0:40:37]} 43. Rxa6+
{[%clk 0:44:42]} Kd5 {[%clk 0:39:08]} 44. Rf6 {[%clk 0:37:27]} Rg5+
{[%clk 0:39:11]} 45. Kh2 {[%clk 0:36:25]} Rg7 {[%clk 0:39:35]} 46. b3
{[%clk 0:35:27]} Rh7+ {[%clk 0:38:47]} 47. Kg2 {[%clk 0:35:44]} Rg7+
{[%clk 0:39:05]} 48. Kf1 {[%clk 0:36:02]} Rh7 {[%clk 0:39:20]} 49. Ke2
{[%clk 0:36:21]} Rh1 {[%clk 0:39:22]} 50. Rxf7 {[%clk 0:36:40]} Rc1
{[%clk 0:39:09]} 51. Kd3 {[%clk 0:30:48]} Rd1+ {[%clk 0:39:20]} 52. Kc2
{[%clk 0:30:55]} Ra1 {[%clk 0:37:17]} 53. Kb2 {[%clk 0:31:08]} Re1
{[%clk 0:37:20]} 54. Rd7+ {[%clk 0:31:31]} Kc6 {[%clk 0:37:36]} 55. Rd2
{[%clk 0:31:37]} Kc5 {[%clk 0:37:56]} 56. Kc2 {[%clk 0:31:37]} Ra1
{[%clk 0:37:41]} 57. Kd3 {[%clk 0:31:14]} Kd5 {[%clk 0:37:14]} 58. b4
{[%clk 0:27:13]} Rc1 {[%clk 0:32:13]} 59. a4 {[%clk 0:27:23]} bxa4
{[%clk 0:32:17]} 60. Ra2 {[%clk 0:27:42]} Rd1+ {[%clk 0:31:46]} 61. Ke2
{[%clk 0:26:56]} Rc1 {[%clk 0:31:09]} 62. Kd2 {[%clk 0:27:13]} Rf1
{[%clk 0:29:49]} 63. Rxa4 {[%clk 0:27:36]} Rxf2+ {[%clk 0:29:13]} 64. Ke3
{[%clk 0:28:04]} Rc2 {[%clk 0:28:58]} 65. Ra5+ {[%clk 0:28:15]} Kd6
{[%clk 0:29:13]} 66. Rc5 {[%clk 0:26:27]} Rc1 {[%clk 0:28:58]} 67. c4
{[%clk 0:26:17]} Rb1 {[%clk 0:28:13]} 68. Rd5+ {[%clk 0:26:32]} Ke6
{[%clk 0:28:20]} 69. b5 {[%clk 0:26:44]} Kf5 {[%clk 0:27:29]} 70. Rd8
{[%clk 0:24:35]} Rb3+ {[%clk 0:27:05]} 71. Kd2 {[%clk 0:23:05]} Ke6
{[%clk 0:27:23]} 72. Rd3 {[%clk 0:23:07]} Rb4 {[%clk 0:27:36]} 73. Kc3
{[%clk 0:21:26]} Rb1 {[%clk 0:27:05]} 74. Rd8 {[%clk 0:18:21]} Ke7
{[%clk 0:26:57]} 75. Rd2 {[%clk 0:18:29]} Rf1 {[%clk 0:27:04]} 76. b6
{[%clk 0:16:36]} Rxf3+ {[%clk 0:26:57]} 77. Kb4 {[%clk 0:17:04]} Rf1
{[%clk 0:26:32]} 78. Kc5 {[%clk 0:17:21]} e4 {[%clk 0:25:56]} 79. b7
{[%clk 0:17:12]} Rb1 {[%clk 0:26:03]} 80. Kc6 {[%clk 0:17:32]} e3
{[%clk 0:26:05]} 81. Re2 {[%clk 0:17:48]} 1-0

[Event "Women's World Team Chess Championship"]
[Site "Khanty-Mansiysk, RUS."]
[Date "2017.06.26"]
[Round "9.13"]
[White "Mammadzada Gunay (AZE)"]
[Black "Tania Sachdev (IND)"]
[Result "1-0"]
[BlackElo "2408"]
[WhiteElo "2368"]
[LiveChessVersion "1.4.8"]

1. e4 {[%clk 1:30:55]} e5 {[%clk 1:30:59]} 2. Nf3 {[%clk 1:31:12]} Nc6
{[%clk 1:31:24]} 3. Bb5 {[%clk 1:31:34]} a6 {[%clk 1:31:48]} 4. Ba4
{[%clk 1:32:00]} Nf6 {[%clk 1:32:13]} 5. O-O {[%clk 1:32:21]} b5 {[%clk 1:32:37]}
6. Bb3 {[%clk 1:32:48]} Bc5 {[%clk 1:33:03]} 7. c3 {[%clk 1:32:28]} d6
{[%clk 1:33:27]} 8. d4 {[%clk 1:32:32]} Bb6 {[%clk 1:33:53]} 9. a4
{[%clk 1:32:09]} Bg4 {[%clk 1:34:04]} 10. h3 {[%clk 1:17:48]} Bh5
{[%clk 1:31:19]} 11. Bg5 {[%clk 1:17:45]} Rb8 {[%clk 1:01:24]} 12. d5
{[%clk 1:13:10]} Ne7 {[%clk 0:57:59]} 13. Bxf6 {[%clk 1:07:36]} gxf6
{[%clk 0:57:50]} 14. Bc2 {[%clk 1:03:26]} Ng6 {[%clk 0:51:41]} 15. g3
{[%clk 0:44:01]} Qd7 {[%clk 0:36:49]} 16. Kh2 {[%clk 0:43:43]} Ke7
{[%clk 0:36:06]} 17. Nbd2 {[%clk 0:41:49]} Rbg8 {[%clk 0:34:48]} 18. Qe2
{[%clk 0:38:00]} Qe8 {[%clk 0:19:12]} 19. Rg1 {[%clk 0:34:33]} Qf8
{[%clk 0:17:13]} 20. axb5 {[%clk 0:31:32]} axb5 {[%clk 0:17:07]} 21. Qf1
{[%clk 0:30:19]} Bxf3 {[%clk 0:15:50]} 22. Nxf3 {[%clk 0:30:27]} Qh6
{[%clk 0:13:57]} 23. Bd3 {[%clk 0:28:05]} Ra8 {[%clk 0:12:03]} 24. Qe2
{[%clk 0:24:41]} Rxa1 {[%clk 0:07:20]} 25. Rxa1 {[%clk 0:25:09]} Rb8
{[%clk 0:07:32]} 26. b4 {[%clk 0:24:03]} Qf8 {[%clk 0:02:38]} 27. Ra2
{[%clk 0:19:05]} Qh6 {[%clk 0:00:50]} 28. Ra1 {[%clk 0:15:24]} Qf8
{[%clk 0:01:18]} 29. Ne1 {[%clk 0:13:47]} Ra8 {[%clk 0:00:47]} 30. Rxa8
{[%clk 0:13:58]} Qxa8 {[%clk 0:01:17]} 31. Bxb5 {[%clk 0:14:09]} Qa1
{[%clk 0:01:42]} 32. Qd2 {[%clk 0:14:12]} Kf8 {[%clk 0:01:46]} 33. Ng2
{[%clk 0:13:45]} Kg7 {[%clk 0:01:26]} 34. Ne3 {[%clk 0:09:54]} Ne7
{[%clk 0:01:52]} 35. Kg2 {[%clk 0:09:33]} h6 {[%clk 0:00:34]} 36. h4
{[%clk 0:09:33]} Qb1 {[%clk 0:00:50]} 37. Bd3 {[%clk 0:08:30]} Bxe3
{[%clk 0:00:48]} 38. Qxe3 {[%clk 0:08:27]} Qb2 {[%clk 0:01:16]} 39. Bc4
{[%clk 0:06:24]} f5 {[%clk 0:01:43]} 40. exf5 {[%clk 0:35:33]} Nxf5
{[%clk 0:32:11]} 41. Qf3 {[%clk 0:34:22]} Ne7 {[%clk 0:32:16]} 42. Bb5
{[%clk 0:24:23]} Qb3 {[%clk 0:31:13]} 43. c4 {[%clk 0:19:07]} Qxf3+
{[%clk 0:24:13]} 44. Kxf3 {[%clk 0:19:35]} f5 {[%clk 0:23:55]} 45. Be8
{[%clk 0:17:00]} Kf6 {[%clk 0:24:13]} 46. Ke3 {[%clk 0:16:50]} Nc8
{[%clk 0:19:25]} 47. Ba4 {[%clk 0:15:42]} Nb6 {[%clk 0:17:51]} 48. Bb3
{[%clk 0:15:55]} Nd7 {[%clk 0:18:19]} 49. f3 {[%clk 0:15:46]} Nb8
{[%clk 0:17:13]} 50. Kd2 {[%clk 0:13:11]} Nd7 {[%clk 0:04:51]} 51. Kd3
{[%clk 0:12:21]} Ke7 {[%clk 0:04:45]} 52. Ke3 {[%clk 0:10:53]} Nb8
{[%clk 0:04:53]} 53. Kd2 {[%clk 0:10:58]} Nd7 {[%clk 0:05:18]} 54. Bc2
{[%clk 0:11:10]} Kf6 {[%clk 0:05:22]} 55. Ke3 {[%clk 0:10:54]} Nb8
{[%clk 0:05:23]} 56. Kd3 {[%clk 0:10:04]} Nd7 {[%clk 0:05:25]} 57. Ba4
{[%clk 0:08:53]} Nf8 {[%clk 0:05:07]} 58. c5 {[%clk 0:08:43]} dxc5
{[%clk 0:03:56]} 59. bxc5 {[%clk 0:09:12]} Ke7 {[%clk 0:04:14]} 60. Kc4
{[%clk 0:05:11]} Ng6 {[%clk 0:04:11]} 61. h5 {[%clk 0:03:58]} f4 {[%clk 0:04:06]}
62. hxg6 {[%clk 0:02:42]} fxg3 {[%clk 0:04:32]} 63. d6+ {[%clk 0:03:03]} 1-0

[Event "Women's World Team Chess Championship"]
[Site "Khanty-Mansiysk, RUS."]
[Date "2017.06.26"]
[Round "9.14"]
[White "Karavade Eesha (IND)"]
[Black "Mammadova Gulnar (AZE)"]
[Result "1-0"]
[BlackElo "2362"]
[WhiteElo "2388"]
[LiveChessVersion "1.4.8"]

1. e4 {[%clk 1:30:23]} e6 {[%clk 1:30:27]} 2. d4 {[%clk 1:30:37]} d5
{[%clk 1:30:55]} 3. Bd3 {[%clk 1:30:23]} dxe4 {[%clk 1:29:33]} 4. Bxe4
{[%clk 1:30:45]} Nf6 {[%clk 1:30:01]} 5. Bf3 {[%clk 1:31:07]} Bd6
{[%clk 1:28:58]} 6. Nc3 {[%clk 1:26:57]} Nbd7 {[%clk 1:27:17]} 7. Nb5
{[%clk 1:25:04]} O-O {[%clk 1:23:13]} 8. Nxd6 {[%clk 1:22:32]} cxd6
{[%clk 1:23:41]} 9. Ne2 {[%clk 1:21:38]} e5 {[%clk 1:21:12]} 10. Ng3
{[%clk 1:17:08]} Qa5+ {[%clk 1:15:30]} 11. c3 {[%clk 1:16:05]} exd4
{[%clk 1:14:12]} 12. Qxd4 {[%clk 1:16:08]} Ne5 {[%clk 1:13:16]} 13. Be2
{[%clk 1:13:30]} Bg4 {[%clk 1:07:53]} 14. Bxg4 {[%clk 1:10:13]} Nexg4
{[%clk 1:05:20]} 15. O-O {[%clk 1:10:28]} Rfe8 {[%clk 0:57:40]} 16. Bf4
{[%clk 1:03:07]} Ne5 {[%clk 0:54:41]} 17. c4 {[%clk 0:51:56]} Qc5
{[%clk 0:50:36]} 18. Bxe5 {[%clk 0:47:15]} Rxe5 {[%clk 0:49:47]} 19. Rad1
{[%clk 0:47:38]} Rc8 {[%clk 0:46:49]} 20. b3 {[%clk 0:47:24]} Qxd4
{[%clk 0:46:17]} 21. Rxd4 {[%clk 0:47:49]} Rc6 {[%clk 0:28:52]} 22. Rfd1
{[%clk 0:45:53]} Re6 {[%clk 0:27:48]} 23. Nf5 {[%clk 0:41:26]} Ne8
{[%clk 0:27:11]} 24. Kf1 {[%clk 0:35:57]} g6 {[%clk 0:26:16]} 25. Ne3
{[%clk 0:36:21]} Nf6 {[%clk 0:22:30]} 26. Nd5 {[%clk 0:29:20]} Kg7
{[%clk 0:21:36]} 27. f3 {[%clk 0:29:07]} Ne8 {[%clk 0:21:17]} 28. Kf2
{[%clk 0:28:10]} a6 {[%clk 0:19:23]} 29. a4 {[%clk 0:21:38]} a5 {[%clk 0:18:42]}
30. Nc3 {[%clk 0:20:12]} Nc7 {[%clk 0:14:19]} 31. Nb5 {[%clk 0:19:58]} Na6
{[%clk 0:08:24]} 32. Rd5 {[%clk 0:11:38]} Rb6 {[%clk 0:07:03]} 33. Rxd6
{[%clk 0:06:38]} Rbxd6 {[%clk 0:05:58]} 34. Nxd6 {[%clk 0:05:56]} Nc5
{[%clk 0:06:19]} 35. Ne4 {[%clk 0:04:38]} Nxb3 {[%clk 0:04:06]} 36. Rb1
{[%clk 0:04:31]} Nd4 {[%clk 0:03:28]} 37. Rxb7 {[%clk 0:04:50]} Rc6
{[%clk 0:03:41]} 38. Nd2 {[%clk 0:03:01]} Re6 {[%clk 0:04:03]} 39. Ne4
{[%clk 0:03:24]} Rc6 {[%clk 0:04:31]} 40. c5 {[%clk 0:31:29]} Ne6
{[%clk 0:34:15]} 41. Rb5 {[%clk 0:29:35]} f5 {[%clk 0:30:11]} 42. Rb7+
{[%clk 0:29:31]} Rc7 {[%clk 0:25:36]} 43. Rxc7+ {[%clk 0:28:23]} Nxc7
{[%clk 0:26:04]} 44. Nc3 {[%clk 0:25:27]} Kf7 {[%clk 0:24:34]} 45. Ke3
{[%clk 0:23:58]} Ne6 {[%clk 0:24:58]} 46. Kd3 {[%clk 0:22:25]} Nxc5+
{[%clk 0:24:38]} 47. Kc4 {[%clk 0:22:49]} Nb7 {[%clk 0:23:05]} 48. Kb5
{[%clk 0:22:12]} Ke6 {[%clk 0:23:09]} 49. Kb6 {[%clk 0:22:28]} Nd6
{[%clk 0:23:22]} 50. Kxa5 {[%clk 0:22:20]} Kd7 {[%clk 0:23:42]} 51. Kb6
{[%clk 0:20:45]} Nc4+ {[%clk 0:24:06]} 52. Kc5 {[%clk 0:21:07]} Na5
{[%clk 0:22:14]} 53. Ne2 {[%clk 0:18:45]} Nb3+ {[%clk 0:20:28]} 54. Kb6
{[%clk 0:18:20]} Nd2 {[%clk 0:20:52]} 55. a5 {[%clk 0:17:48]} Nc4+
{[%clk 0:21:17]} 56. Kb5 {[%clk 0:18:13]} Ne3 {[%clk 0:21:33]} 57. a6
{[%clk 0:16:13]} Kc7 {[%clk 0:21:56]} 58. g3 {[%clk 0:15:22]} Nd5
{[%clk 0:21:34]} 59. Kc5 {[%clk 0:15:02]} Nb6 {[%clk 0:21:38]} 60. Nd4
{[%clk 0:14:49]} 1-0